Etnobotánica cuantitativa (Registro nro. 15572)

Detalles MARC
000 -CABECERA
Campo de control 004340000a22001210004500
090 ## - CLASIFICACIÓN LOCAL
Colección As
Consecutivo Seriadas
041 0# - IDIOMA
Código de idioma para texto/pista de sonido o título separado
100 1# - ASIENTO PRINCIPAL--NOMBRE PERSONAL
Nombre personal Alvarez, Esteban
245 10 - MENCION DE TITULO
Título Etnobotánica cuantitativa
Version una herramienta para la valoración económica de la biodiversidad (con enfasis en la Amazonia)
700 1# - ASIENTO SECUNDARIO - NOMBRE PERSONAL
Nombre personal Londoño, Ana Catalina
773 1# - Item fuente:
Título Crónica Forestal y del Medio Ambiente
Descripción física 10
Paginas del Articulo 163-191
Lugar, editorial y fecha de publicación 1995
942 ## - ELEMENTOS ADICIONALES (KOHA)
Tipo de ítem Artículo

No hay ítems disponibles.